000 01829nam a2200289 a 4500
001 ASIN1847559174
003 Nust- CAS-E
005 20180118181356.0
008 140304s2009 xxu eng d
020 _a1847559174
_c$96.00
020 _a9781847559173
040 _c0
082 _a628.532
_bCAR 2009
245 1 0 _aCarbon capture /
_cR E Hester, R M Harrison, Vassilis Kitidis, Klaus Lackner.
250 _a1st Edition.
260 _a[S.l.] :
_bRoyal Society of Chemistry,
_c2009.
300 _a324 p. ;
_c24 cm.
490 1 _aIssues in environmental science and technology.
520 _aIt is widely recognised that global warming is occurring due to increasing levels of carbon dioxide and other greenhouse gases in the atmosphere. Methods of capturing and then storing CO2 from major sources such as fossil-fuel-burning power plants are being developed to reduce the levels emitted to the atmosphere by human activities. The book reports on progress in this field and provides a context within the range of natural absorption processes in the oceans and forests and in soil. Comparisons with alternative energy sources such as solar and nuclear are made and policy issues are also reviewed. This book, which is very topical as it impacts on the lives of all of us, is multi-authored by experts ensuring expertise across the full range of this highly technical but mainstream subject. It is cutting edge science and technology presented in a highly readable form along with an extensive bibliography.
700 1 _aHester, R E.
700 1 _aHarrison, R M.
700 1 _aKitidis, Vassilis.
700 1 _aLackner, Klaus.
830 0 _aIssues in environmental science and technology.
856 4 0 _3Amazon.com
_uhttp://www.amazon.com/exec/obidos/ASIN/1847559174/chopaconline-20
942 _2ddc
_cBK
999 _c355279
_d355279